Pays du monde commençant par E - Avec carte - Statistiques

Statistiques générales
  • Ce quiz a été pris 2 583 fois
  • Le résultat moyen est 8 sur 9
Réponses sur la Carte
Les réponses sont colorées sur une échelle allant du rouge au vert en fonction du pourcentage des utilisateurs qui les ont devinées à leur premier essai. Vous pouvez retrouver ces pourcentages ci-dessous.
 
Statistiques - réponses
Continent Pays % Correct
Europe Espagne
97%
Europe Estonie
96%
Amérique du Sud Équateur
94%
Afrique Éthiopie
90%
Afrique Érythrée
85%
Amérique du Nord États-Unis
83%
Afrique Égypte
79%
Afrique Eswatini
77%
Asie Émirats Arabes Unis
75%
Aucun quiz correspondant
Distribution des résultats
% des personnes avec chaque résultat
Percentile par nombre de réponses
Votre historique - résultats
Vous n’avez pas pris ce quiz